000 00804nam a2200253Ia 4500
003 OSt
005 20220927105044.0
006 a|||||r|||| 00| 0
007 ta
008 220926b |||||||| |||| 00| 0 eng d
024 _a159583
037 _cReference Collections
040 _aRTL
_cRTL
_beng
041 _2eng
_aeng
082 _a"X71.247.N74, L4.2"
110 _aJAMMU & KASHMIR (Govt. of-)
_9369955
245 0 _aDetailed demand for grant of forest and animal husband ry deptt. for 1974-75
260 _aJammu
_bGovt. press
_c1974
300 _a61p
_ccm.
500 _aDocuments contains various demands numbers.
700 _aJAMMU & KASHMIR (Govt. of-)
_9369956
942 _h"X71.247.N74, L4.2"
_cCC
999 _c690511
_d690511